[Event "Mexico City Latinoamericano op 1st"]
[Site "Mexico City"]
[Date "2021.11.08"]
[Round "7"]
[White "Alvarado Zuniga, Noe"]
[Black "Amezcua Luria, Jesus"]
[Result "1-0"]
[WhiteElo "1692"]
[BlackElo "2043"]
[PlyCount "71"]
[EventDate "2021.11.04"]
[EventType "swiss"]
[EventRounds "9"]
[EventCountry "MEX"]
[SourceTitle "EXT 2023"]
[Source "ChessBase"]
[SourceDate "2022.10.05"]
[SourceVersion "1"]
[SourceVersionDate "2022.10.05"]
[SourceQuality "1"]

1. e4 e5 2. Nf3 Nc6 3. Bc4 Bc5 4. c3 Nf6 5. d4 exd4 6. cxd4 Bb4+ 7. Nc3 Nxe4 8. 0-0 Bxc3 9. d5 Bf6 10. Re1 Ne7 11. Rxe4 d6 12. Bg5 Bxg5 13. Nxg5 Bf5 14. Qf3 0-0 15. Rxe7 Qxe7 16. Qxf5 g6 17. Qf4 Qe5 18. Qxe5 dxe5 19. Re1 h6 20. Ne4 Rad8 21. Nc5 b5 22. Bb3 Rfe8 23. f3 Kg7 24. Rc1 Re7 25. Na6 Rdd7 26. Nb8 Rd6 27. Nc6 Re8 28. Nxa7 e4 29. fxe4 Rxe4 30. Nxb5 Rf6 31. Nxc7 Kf8 32. Rf1 Rd6 33. Nb5 Rb6 34. Nc3 Rd4 35. Rd1 Rf4 36. d6 1-0